[Event "56th Rubinstein Memorial A 2020"]
[Site "Polanica Zdroj"]
[Date "2020.08.16"]
[Round "2.27"]
[White "Dytman, Radoslaw"]
[Black "Galant, Ireneusz"]
[Result "0-1"]
[WhiteElo "1867"]
[BlackElo "1803"]
[Annotator "NA"]
[PlyCount "144"]
[EventDate "2020.08.15"]
[EventType "swiss"]
[EventCountry "POL"]
[SourceTitle "playchess.com"]
[Source "ChessBase"]
[SourceQuality "1"]
[TimeControl "40/5400+30:1800+30"]

1. c4 {[%emt 0:00:00]} e5 {[%emt 0:00:00]} 2. Nc3 {[%emt 0:00:00]} Nf6 {[%emt 0:01:21]} 3. g3 {[%emt 0:00:00]} Bb4 {[%emt 0:00:55]} 4. Bg2 {[%emt 0:00:57]} Bxc3 {[%emt 0:00:48]} 5. dxc3 {[%emt 0:00:23]} h6 {[%emt 0:01:09]} 6. Nf3 {[%emt 0:02:16]} d6 {[%emt 0:01:07]} 7. O-O {[%emt 0:01:32]} O-O {[%emt 0:00:16]} 8. h3 {[%emt 0:02:51]} a5 {[%emt 0:05:14]} 9. Be3 {[%emt 0:08:53]} Qe7 {[%emt 0:12:07]} 10. a4 {[%emt 0:12:44]} c6 {[%emt 0:05:18]} 11. Qc2 {[%emt 0:08:36]} Nh7 {[%emt 0:32:27]} 12. Nh4 {[%emt 0:08:05]} Qe6 {[%emt 0:02:24]} 13. Be4 {[%emt 0:28:46]} f5 {[%emt 0:18:24]} 14. Nxf5 {[%emt 0:03:33]} Rxf5 {[%emt 0:02:21]} 15. g4 {[%emt 0:00:36]} Rf6 {[%emt 0:03:57]} 16. Bxh7+ {[%emt 0:00:21]} Kh8 {[%emt 0:00:07]} 17. Bf5 {[%emt 0:01:15]} Qe8 {[%emt 0:00:55]} 18. Be4 {[%emt 0:05:18]} Be6 {[%emt 0:01:12]} 19. Qd3 {[%emt 0:00:27]} Na6 {[%emt 0:00:28]} 20. Rad1 {[%emt 0:03:30]} Rd8 {[%emt 0:02:43]} 21. Bg2 {[%emt 0:04:42]} Rd7 {[%emt 0:01:14]} 22. b3 {[%emt 0:02:04]} d5 {[%emt 0:03:38]} 23. cxd5 {[%emt 0:00:31]} Bxd5 {[%emt 0:00:31]} 24. c4 {[%emt 0:02:10]} Be6 {[%emt 0:00:19]} 25. Qe4 {[%emt 0:00:10]} Rxd1 {[%emt 0:02:07]} 26. Rxd1 {[%emt 0:00:06]} Bg8 {[%emt 0:00:35]} 27. f4 {[%emt 0:00:57]} Re6 {[%emt 0:00:21]} 28. f5 Re7 {[%emt 0:00:08]} 29. g5 {[%emt 0:01:54]} Qh5 {[%emt 0:01:31]} 30. Qg4 {[%emt 0:01:14]} Qxg4 {[%emt 0:00:29]} 31. hxg4 {[%emt 0:00:03]} hxg5 {[%emt 0:00:27]} 32. Kf2 {[%emt 0:00:56]} g6 {[%emt 0:00:20]} 33. fxg6 {[%emt 0:00:50]} Kg7 {[%emt 0:00:12]} 34. Bxg5 {[%emt 0:00:23]} Re6 {[%emt 0:00:43]} 35. Be4 {[%emt 0:00:26]} Nc5 {[%emt 0:00:05]} 36. Bf5 {[%emt 0:00:25]} Re8 {[%emt 0:00:14]} 37. Be3 {[%emt 0:00:43]} Nxb3 {[%emt 0:00:50]} 38. Rd7+ {[%emt 0:00:47]} Kf6 {[%emt 0:00:17]} 39. Rd6+ {[%emt 0:00:20]} Ke7 {[%emt 0:00:34]} 40. Rd7+ {[%emt 0:00:00]} Kf6 {[%emt 0:00:00]} 41. Rxb7 {[%emt 0:16:23]} Bxc4 {[%emt 0:01:33]} 42. Bc2 {[%emt 0:03:36]} Nd4 {[%emt 0:03:52]} 43. g5+ {[%emt 0:00:53]} Ke6 {[%emt 0:00:18]} 44. Bxd4 {[%emt 0:00:50]} exd4 {[%emt 0:00:09]} 45. g7 {[%emt 0:04:52]} Kd6 {[%emt 0:01:11]} 46. Bd3 {[%emt 0:02:46]} Bd5 {[%emt 0:03:19]} 47. Ra7 {[%emt 0:02:15]} c5 {[%emt 0:02:36]} 48. Ra6+ {[%emt 0:00:35]} Kc7 {[%emt 0:04:19]} 49. Rxa5 {[%emt 0:00:23]} Kb6 {[%emt 0:00:44]} 50. Rb5+ {[%emt 0:01:03]} Kc6 {[%emt 0:00:32]} 51. Rb1 {[%emt 0:00:58]} Re7 {[%emt 0:00:13]} 52. Bb5+ {[%emt 0:01:20]} Kd6 {[%emt 0:00:13]} 53. g8=Q {[%emt 0:00:52]} Bxg8 {[%emt 0:00:08]} 54. Rh1 {[%emt 0:00:17]} c4 {[%emt 0:08:07]} 55. Rc1 {[%emt 0:00:40]} Kc5 {[%emt 0:01:22]} 56. Ke1 {[%emt 0:01:01]} Rg7 {[%emt 0:00:15]} 57. Kd2 {[%emt 0:00:23]} Rxg5 {[%emt 0:00:19]} 58. Rc2 {[%emt 0:00:34]} Rg2 {[%emt 0:00:26]} 59. Ke1 {[%emt 0:00:29]} Kb4 {[%emt 0:02:27]} 60. Kf1 {[%emt 0:00:35]} Rg5 {[%emt 0:01:35]} 61. Rc1 {[%emt 0:00:28]} Bd5 {[%emt 0:01:02]} 62. Kf2 {[%emt 0:00:29]} Rg2+ {[%emt 0:01:04]} 63. Kf1 {[%emt 0:00:05]} Rh2 {[%emt 0:00:21]} 64. Ke1 {[%emt 0:00:30]} Rh1+ {[%emt 0:00:38]} 65. Kd2 {[%emt 0:00:04]} c3+ {[%emt 0:01:06]} 66. Kc2 {[%emt 0:00:04]} Be4+ {[%emt 0:02:04]} 67. Bd3 {[%emt 0:00:02]} Bxd3+ {[%emt 0:00:14]} 68. exd3 {[%emt 0:00:05]} Rh2+ {[%emt 0:01:51]} 69. Kb1 {[%emt 0:00:14]} Rd2 {[%emt 0:00:35]} 70. Rc2 {[%emt 0:00:32]} Rxd3 {[%emt 0:00:27]} 71. Ra2 {[%emt 0:00:07]} Rd1+ {[%emt 0:00:10]} 72. Kc2 {[%emt 0:00:03]} Rd2+ {[%emt 0:00:06]} 0-1

[Event "56th Rubinstein Memorial A 2020"]
[Site "Polanica Zdroj"]
[Date "2020.08.17"]
[Round "3.1"]
[White "Kowalczyk, Rafal"]
[Black "Cukrowski, Filip"]
[Result "1/2-1/2"]
[WhiteElo "2268"]
[BlackElo "2419"]
[Annotator "TA"]
[PlyCount "77"]
[EventDate "2020.08.15"]
[EventType "swiss"]
[EventCountry "POL"]
[SourceTitle "playchess.com"]
[Source "ChessBase"]
[SourceQuality "1"]

{[%evp 18,77,32,0,0,-12,0,0,0,-27,0,-40,-31,-34,-10,-39,9,0,123,92,167,142,213,191,236,69,58,83,187,172,183,184,185,172,386,383,389,390,375,372,366,218,217,214,404,231,197,199,331,48,46,53,255,0,0,0,0,0,0,0,0,0]} 1. e4 c5 2. Nf3 d6 3. d4 cxd4 4. Nxd4 Nf6 5. Nc3 a6 6. Bg5 e6 7. f4 Be7 8. Qf3 Qc7 9. O-O-O Nc6 10. g4 Nxd4 {B98: Sicilian Najdorf: 6 Bg5 e6 7 f4 Be7, sidelines.} 11. Rxd4 b5 12. Bg2 {White wants to play e5.} Bb7 13. a3 Rc8 14. Qe2 {[#]} h6 $146 ({Predecessor:} 14... Qc5 15. Rhd1 O-O 16. h4 Rc7 17. e5 dxe5 18. fxe5 Ne8 19. Bxe7 Qxe7 20. Bxb7 Rxb7 {1-0 (29) Fels,K (1792)-Hartlaub,M Schloss Schney 1995}) 15. Bh4 O-O 16. Rhd1 d5 (16... Nh5 $5 17. gxh5 (17. Bxe7 Nxf4 18. Qd2 Qxe7 $15) 17... Bxh4 $15) 17. e5 Bxa3 (17... Nh7 $1 $11 {remains equal.} 18. Bxe7 Qxe7) 18. Nb1 {[#]} Bc5 (18... Bxb2+ $1 $16 {[%mdl 512]} 19. Kxb2 Nd7) 19. exf6 $18 Bxd4 (19... Rfe8 $16 20. fxg7 Kxg7) 20. Rxd4 Rfe8 21. Bg3 $2 (21. fxg7 $18 Kxg7 22. Nc3) 21... gxf6 $14 {[#]} 22. g5 $1 {[%mdl 512]} e5 {[#]} (22... f5 $16) (22... fxg5 23. fxg5) 23. fxe5 $1 $18 hxg5 {[%cal Rf6e5]} 24. Nc3 ({Resist} 24. Bxd5 $6 fxe5 25. Qd2 Kf8 $14) 24... fxe5 25. Rg4 f6 $2 (25... Qd8 {was called for.}) 26. Nxd5 Bxd5 27. Bxd5+ Kg7 28. h4 Rcd8 29. Be4 (29. Bb3 $142 Qe7 30. Be1) 29... Qa5 {[%cal Ra5a1]} 30. Kb1 {[%mdl 1024] White has strong compensation.} Rd2 $2 (30... Qd2 31. Qxd2 Rxd2) 31. Qf1 (31. Qf3 $142) 31... Qd8 {Hoping for ...Rd1+.} 32. Kc1 {aiming for hxg5.} (32. Qf5 {leads to mate.} Rd1+ 33. Ka2 Qa5+ 34. Kb3 Qa4+ 35. Kc3 Qc4#) 32... Rd4 (32... Re6 {is a better defense.} 33. hxg5 Red6) 33. hxg5 $2 (33. c3 $18 {Strongly threatening hxg5.} Rxe4 34. Rxe4) 33... f5 $1 $14 {[%cal Rf5g4][%mdl 64] Double Attack} 34. Qh1 {Threatens to win with Qh6+.} fxe4 $2 (34... Rxe4 $14 35. Qh6+ {[%mdl 64] Double Attack} Kg8 36. Qg6+ Kh8 37. Qxf5 Rxg4 38. Bxe5+ {[#]} Rxe5 $1 {[%mdl 512]} 39. Qxe5+ Kg8 40. Qe6+ {[%mdl 64] Double Attack} Kg7 41. Qxg4 Qe7) 35. Qh6+ $2 (35. g6 $18 {White threatens Qh7+ and mate.} Qd7 36. Rh4 (36. Rxe4 Kxg6 37. Rxe5 Rh8 $17) 36... Rd1+ 37. Qxd1 Qxd1+ 38. Kxd1) 35... Kg8 $11 {[%csl Gd8][%cal Rd4d1] The position is equal.} 36. Qg6+ {[%mdl 64] Double Attack} Kf8 {[%csl Gd8][%cal Rd4d1]} 37. Qf5+ Kg8 {[%csl Gd8][%cal Rd4d1]} 38. Qg6+ {[%mdl 64] Double Attack} Kf8 {[%csl Gd8][%cal Rd4d1]} 39. Qf5+ {Blacks defense is rewarded with a draw. Accuracy: White = 50%, Black = 45%.} 1/2-1/2

[Event "56th Rubinstein Memorial A 2020"]
[Site "Polanica Zdroj"]
[Date "2020.08.17"]
[Round "3.2"]
[White "Lukasiewicz, Krzysztof"]
[Black "Chomczyk, Marek"]
[Result "1-0"]
[WhiteElo "2343"]
[BlackElo "2221"]
[Annotator "ChessBase"]
[PlyCount "69"]
[EventDate "2020.08.15"]
[EventType "swiss"]
[EventCountry "POL"]
[SourceTitle "playchess.com"]
[Source "ChessBase"]
[SourceQuality "1"]
[TimeControl "40/5400+30:1800+30"]

1. d4 {[%emt 0:02:11]} Nf6 {[%emt 0:00:00]} 2. Bf4 {[%emt 0:00:04]} d5 {[%emt 0:01:03]} 3. e3 {[%emt 0:00:19]} c5 {[%emt 0:00:39]} 4. Nf3 {[%emt 0:00:25]} Nc6 {[%emt 0:00:14]} 5. Nbd2 {[%emt 0:00:08]} e6 {[%emt 0:01:02]} 6. c3 {[%emt 0:00:05]} Be7 {[%emt 0:00:09]} 7. Ne5 {[%emt 0:00:47]} Nxe5 {[%emt 0:02:40]} 8. dxe5 {[%emt 0:01:25]} Nd7 {[%emt 0:00:47]} 9. Bd3 {[%emt 0:01:47]} g5 {[%emt 0:15:38]} 10. Bg3 {[%emt 0:00:36]} h5 {[%emt 0:00:08]} 11. f4 {[%emt 0:07:41]} c4 {[%emt 0:06:40]} 12. Bc2 {[%emt 0:11:58]} Qb6 {[%emt 0:16:18]} 13. O-O {[%emt 0:02:44]} h4 {[%emt 0:10:12]} 14. Bf2 {[%emt 0:02:48]} h3 {[%emt 0:01:01]} 15. b3 {[%emt 0:16:24]} hxg2 {[%emt 0:18:28]} 16. Kxg2 {[%emt 0:05:09]} Nc5 {[%emt 0:00:06]} 17. e4 {[%emt 0:06:34]} Qc6 {[%emt 0:03:09]} 18. fxg5 {[%emt 0:10:19]} Bd7 {[%emt 0:02:17]} 19. Be3 {[%emt 0:04:11]} Nd3 {[%emt 0:05:15]} 20. Qf3 {[%emt 0:07:36]} Nxe5 {[%emt 0:04:20]} 21. Qf4 {[%emt 0:00:03]} Bd6 {[%emt 0:04:18]} 22. exd5 {[%emt 0:01:12]} Qc7 {[%emt 0:01:49]} 23. Ne4 {[%emt 0:02:20]} O-O-O {[%emt 0:01:17]} 24. Bd4 {[%emt 0:03:44]} f6 {[%emt 0:00:11]} 25. gxf6 {[%emt 0:00:10]} Rh5 {[%emt 0:01:53]} 26. Rae1 {[%emt 0:03:24]} Rg8+ {[%emt 0:02:51]} 27. Kh1 {[%emt 0:00:13]} Nf7 {[%emt 0:00:30]} 28. Nxd6+ {[%emt 0:00:05]} Nxd6 {[%emt 0:00:27]} 29. Be5 {[%emt 0:02:16]} Qa5 {[%emt 0:00:35]} 30. Bxd6 {[%emt 0:00:23]} Qxd5+ {[%emt 0:00:29]} 31. Be4 {[%emt 0:00:04]} Bc6 {[%emt 0:00:19]} 32. f7 {[%emt 0:01:09]} Rxh2+ {[%emt 0:00:42]} 33. Qxh2 {[%emt 0:00:05]} Qxe4+ {[%emt 0:00:15]} 34. Rxe4 {[%emt 0:00:04]} Bxe4+ {[%emt 0:00:06]} 35. Qg2 {[%emt 0:00:02]} 1-0

[Event "56th Rubinstein Memorial A 2020"]
[Site "Polanica Zdroj"]
[Date "2020.08.17"]
[Round "3.3"]
[White "Zochowski, Kacper"]
[Black "Vanduyfhuys, Daria"]
[Result "1-0"]
[WhiteElo "2278"]
[BlackElo "1985"]
[Annotator "ChessBase"]
[PlyCount "93"]
[EventDate "2020.08.15"]
[EventType "swiss"]
[EventCountry "POL"]
[SourceTitle "playchess.com"]
[Source "ChessBase"]
[SourceQuality "1"]
[TimeControl "40/5400+30:1800+30"]

1. e4 {[%emt 0:10:40]} c5 {[%emt 0:00:00]} 2. Nc3 {[%emt 0:00:07]} Nc6 {[%emt 0:00:00]} 3. Nge2 {[%emt 0:00:13]} Nf6 {[%emt 0:00:30]} 4. d4 {[%emt 0:00:09]} cxd4 {[%emt 0:00:11]} 5. Nxd4 {[%emt 0:00:04]} e5 {[%emt 0:00:25]} 6. Ndb5 {[%emt 0:00:52]} d6 {[%emt 0:00:10]} 7. Bg5 {[%emt 0:01:20]} a6 {[%emt 0:00:18]} 8. Na3 {[%emt 0:00:10]} b5 {[%emt 0:00:49]} 9. Bxf6 {[%emt 0:00:19]} gxf6 {[%emt 0:00:55]} 10. Nd5 {[%emt 0:00:21]} f5 {[%emt 0:00:54]} 11. g3 {[%emt 0:00:19]} fxe4 {[%emt 0:08:16]} 12. Bg2 {[%emt 0:00:23]} Bf5 {[%emt 0:01:27]} 13. f3 {[%emt 0:23:25]} Bg7 {[%emt 0:07:06]} 14. fxe4 {[%emt 0:01:05]} Be6 {[%emt 0:00:20]} 15. O-O {[%emt 0:01:35]} O-O {[%emt 0:00:37]} 16. c3 {[%emt 0:04:05]} Ne7 {[%emt 0:26:22]} 17. Nxe7+ {[%emt 0:14:59]} Qxe7 {[%emt 0:00:07]} 18. Nc2 {[%emt 0:00:36]} a5 {[%emt 0:08:27]} 19. Kh1 {[%emt 0:06:39]} Bh6 {[%emt 0:01:42]} 20. h4 {[%emt 0:19:02]} f6 {[%emt 0:06:53]} 21. Kh2 {[%emt 0:00:09]} Kh8 {[%emt 0:06:32]} 22. Bh3 {[%emt 0:02:53]} Rad8 {[%emt 0:03:14]} 23. Bxe6 {[%emt 0:01:41]} Qxe6 {[%emt 0:00:06]} 24. Qh5 {[%emt 0:03:40]} Kg7 {[%emt 0:01:54]} 25. Qf5 {[%emt 0:03:07]} Qxf5 {[%emt 0:00:31]} 26. exf5 {[%emt 0:00:24]} d5 {[%emt 0:01:07]} 27. Rfd1 {[%emt 0:00:27]} Rd7 {[%emt 0:01:08]} 28. Rd3 {[%emt 0:02:02]} Kf7 {[%emt 0:00:54]} 29. Rad1 {[%emt 0:00:18]} Rfd8 {[%emt 0:00:13]} 30. Kg2 {[%emt 0:02:34]} Ke7 {[%emt 0:01:09]} 31. Re1 {[%emt 0:00:25]} Kd6 {[%emt 0:01:18]} 32. Ne3 {[%emt 0:01:17]} Bxe3 {[%emt 0:14:30]} 33. Rexe3 {[%emt 0:00:25]} h5 {[%emt 0:00:09]} 34. Kh3 {[%emt 0:00:29]} e4 {[%emt 0:03:28]} 35. Rxe4 {[%emt 0:00:03]} Kc5 {[%emt 0:00:33]} 36. Re6 {[%emt 0:00:11]} Rd6 {[%emt 0:00:04]} 37. Rxd6 {[%emt 0:00:21]} Rxd6 {[%emt 0:00:14]} 38. g4 {[%emt 0:01:07]} hxg4+ {[%emt 0:00:05]} 39. Kxg4 {[%emt 0:00:02]} b4 {[%emt 0:00:28]} 40. Kh5 {[%emt 0:00:00]} bxc3 {[%emt 0:00:00]} 41. bxc3 {[%emt 0:05:11]} Kc4 {[%emt 0:01:20]} 42. Rh3 {[%emt 0:00:53]} d4 {[%emt 0:08:52]} 43. cxd4 {[%emt 0:00:12]} Kxd4 {[%emt 0:00:02]} 44. Kg6 {[%emt 0:00:14]} Ke5 {[%emt 0:00:05]} 45. h5 {[%emt 0:01:15]} Rd8 {[%emt 0:00:04]} 46. h6 {[%emt 0:00:46]} Rg8+ {[%emt 0:00:17]} 47. Kf7 {[%emt 0:00:24]} 1-0

[Event "56th Rubinstein Memorial A 2020"]
[Site "Polanica Zdroj"]
[Date "2020.08.17"]
[Round "3.4"]
[White "Golecki, Jan"]
[Black "Kucza, Karol"]
[Result "1/2-1/2"]
[WhiteElo "2106"]
[BlackElo "2245"]
[Annotator "TA"]
[PlyCount "180"]
[EventDate "2020.08.15"]
[EventType "swiss"]
[EventCountry "POL"]
[SourceTitle "playchess.com"]
[Source "ChessBase"]
[SourceQuality "1"]

{[%evp 13,180,11,15,7,0,-51,18,-16,19,-37,-41,-75,-65,-102,-68,-87,-93,-103,-35,-99,-44,-137,-135,-106,-118,-188,-162,-188,-152,-178,-149,-187,-174,-185,-174,-179,-177,-162,-162,-162,-163,-217,-186,-189,-191,-183,-184,-191,-179,-209,-111,-108,-81,-69,-31,-23,31,31,240,238,412,135,244,101,107,95,122,139,137,142,158,140,178,135,76,65,225,61,49,64,234,226,215,223,206,0,0,0,179,75,75,69,184,0,0,0,698,695,647,682,665,662,630,620,536,93,80,-30,-34,-52,-132,-899,-860,-783,-494,-412,0,0,0,0,0,0,0,0,0,0,0,0,0,0,0,0,0,0,0,0,0,0,0,0,0,0,0,0,0,-8,-8,-8,-8,-8,-8,-8,0,0,0,0,0,0,0,-8,0,-8,-8,-8,-8,-8,0,0,0]} 1. e4 e5 2. Nf3 Nc6 3. Bb5 a6 4. Ba4 Nf6 5. O-O Be7 6. Bxc6 dxc6 7. d3 Bd6 8. h3 {C85: Closed Ruy Lopez: Deferred Exchange Variation.} Qe7 9. Nbd2 ({White should try} 9. Re1 $11) 9... Be6 (9... g5 $1 $15) 10. b3 {[#]} O-O-O $146 ({Predecessor:} 10... Nh5 11. Bb2 Nf4 12. Nc4 f6 13. Kh2 O-O-O 14. Ne3 Qd7 15. Ng1 g5 16. Ne2 h5 {1-0 (45) Gunnarsson,A (2443)-Thorfinnsson,B (2408) Atskakmot Islands 2009}) 11. Bb2 (11. Ng5 $11) 11... Nd7 $15 12. d4 {[%cal Rd4e5]} f6 13. Qe2 g5 14. dxe5 fxe5 15. Nc4 Qf6 (15... Bxc4 $1 $17 16. Qxc4 h5) 16. Nh2 (16. Nxd6+ $15 cxd6 17. Ne1) 16... h5 (16... Bxc4 $1 $17 17. Qxc4 h5) 17. Rad1 (17. Nxd6+ $15 cxd6 18. Rad1) 17... Bxc4 $1 $17 18. Qxc4 {[#]} g4 $1 {[%mdl 512]} 19. Qc3 (19. Rd3 $17) (19. hxg4 hxg4) 19... Qg6 20. Rfe1 Rdf8 21. Qg3 Rf4 22. hxg4 hxg4 {Hoping for ...Nf6.} 23. Qxf4 exf4 24. Bxh8 Bc5 25. Bd4 Bxd4 26. Rxd4 Ne5 {aiming for ...Nf3+!} 27. Red1 (27. Kh1 {was called for.}) 27... b6 28. g3 fxg3 29. fxg3 Kb7 30. Re1 Qh6 $1 {[%cal Rh6h3][%mdl 1024] Black has strong compensation.} 31. Rdd1 Qf8 (31... Qh3 $19 32. Nf1 Nf3+ {[%mdl 64] Double Attack} 33. Kf2 Nxe1 34. Rxe1 Qh1) 32. Re2 Qc5+ 33. Kg2 Qc3 34. Rf1 $1 a5 (34... Qd4 $11) 35. Rf4 $14 Qb2 $2 (35... c5 $14) 36. Nxg4 $18 Nd3 $2 (36... Ng6 {keeps fighting.} 37. Rf6 Ne7) 37. Rf3 $2 (37. e5 $1 $18) 37... Nc1 (37... Nc5 $16) 38. Rd2 (38. Ree3 $1 $18 {is the precise move to win.} Qxc2+ 39. Nf2 Qxa2 40. e5 Nxb3 41. Rxb3) 38... Qg7 $16 39. Nf2 Nxa2 40. Re2 $1 Qe5 41. Ree3 Nb4 42. c3 $1 $36 {[%cal Rc3b4][%mdl 2048] White is in control.} Na2 43. Rf5 Qe6 44. g4 c5 $2 (44... Qxb3 $14 45. g5 Nxc3) 45. c4 $2 (45. e5 $1 $18) 45... Nb4 $14 46. e5 Nc2 $2 (46... b5 $1 $14) 47. Re4 $1 $18 {Threatens to win with Rf6.} Nd4 48. Rf6 Qe7 49. Re3 Nc2 50. Re4 {And now e6 would win.} Nd4 51. g5 (51. e6 $1 $18 {and the rest is easy.} Qxf6 52. e7 Qf3+ 53. Kf1 Qxb3 54. e8=Q Qxc4+ 55. Kg2) 51... Nxb3 $16 {...a4 is the strong threat.} 52. g6 $1 {Strongly threatening Rg4.} a4 (52... Nd2 $14 53. Rg4 Qxe5) 53. Rf7 $2 (53. Rg4 $18 Qxe5 54. Rf3) 53... Qe6 $1 $11 {[%cal Re6g6]} 54. Rf6 Qe8 $2 {[%mdl 8192]} (54... Qe7 $11 55. Rg4 Qxe5) 55. g7 $18 a3 {White must now prevent ...a2.} 56. Rf8 $1 {[%cal Rf8e8]} Qg6+ 57. Rg4 Qc6+ 58. Ne4 $1 a2 {[#]} 59. Rf1 $2 (59. Rf6 $1 $18 {[%cal Rf6c6]} Qe8 60. Rf1 (60. g8=Q Qxg8 61. Rxg8 a1=Q $11)) 59... Nd2 $16 {[#]} 60. Ra1 ({White must play} 60. Rf6 $1 $16 {[%cal Rf6c6]} Qe8 61. g8=Q (61. Nxd2 a1=Q $18) 61... Qxg8 62. Rxg8) 60... Nxe4 $11 61. Kg1 Qd7 62. g8=Q $4 {[%mdl 8192]} (62. Rxe4 $17 Qxg7+ 63. Kf2) 62... Qd4+ $19 {[%mdl 64] Double Attack} 63. Kh2 Qxe5+ 64. Rg3 Nxg3 $2 (64... Qb2+ $2 65. Kh3 $19) ({Black should play} 64... Nf6 $19 65. Qg5 Qb2+ 66. Kh1 Qxa1+ 67. Rg1 Qb2 68. Qg2+ Qxg2+ 69. Kxg2 Ne4) 65. Rxa2 {[%csl Ga2][%cal Rg8a8][%mdl 4096] Endgame KQR-KQN. The position is equal.} Ne4+ 66. Kg2 {[%csl Ga2][%cal Rg8a8]} Qg5+ 67. Qxg5 Nxg5 $11 {KR-KN} 68. Re2 $1 Nf7 69. Kg3 Nd6 70. Rc2 Nf5+ 71. Kf2 c6 (71... Nd4 $5 {[%cal Rd4c2]} 72. Rc1 c6 $11) 72. Rc1 Kc7 73. Rd1 Nd6 74. Rc1 Nb7 75. Rb1 Na5 76. Rc1 Kd6 77. Ke3 b5 78. cxb5 cxb5 79. Kd3 c4+ 80. Kc3 Kc5 81. Rh1 b4+ 82. Kc2 Nc6 83. Rh5+ Kd4 84. Rh4+ Kd5 85. Rh5+ Ne5 86. Rh8 Ke4 87. Re8 Kd4 88. Rd8+ Kc5 89. Rh8 c3 90. Rh5 Kd4 {What a bad dream for Black. Accuracy: White = 57%, Black = 66%.} 1/2-1/2

[Event "56th Rubinstein Memorial A 2020"]
[Site "Polanica Zdroj"]
[Date "2020.08.17"]
[Round "3.5"]
[White "Praczukowski, Stanislaw"]
[Black "Ovsejevitsch, Sergei"]
[Result "0-1"]
[WhiteElo "2132"]
[BlackElo "2587"]
[Annotator "TA"]
[PlyCount "70"]
[EventDate "2020.08.15"]
[EventType "swiss"]
[EventCountry "POL"]
[SourceTitle "playchess.com"]
[Source "ChessBase"]
[SourceQuality "1"]

{[%evp 18,70,20,16,30,24,22,18,48,8,12,0,18,-10,43,35,64,41,41,43,33,0,3,0,58,35,36,55,91,88,84,25,45,-24,15,-3,-12,-256,-232,-532,-530,-469,-455,-470,-463,-522,-502,-2123,-2096,-2041,-1860,-1619,-1156,-29998,-29999]} 1. e4 e5 2. Nf3 Nc6 3. Bb5 a6 4. Ba4 d6 5. O-O Bd7 6. d4 exd4 7. Nxd4 Nge7 8. c4 g6 9. Nc3 Bg7 10. Be3 Ne5 $5 {[%mdl 4] [#] An interesting side line. C71: Ruy Lopez: Deferred Steinitz Variation, sidelines.} 11. Bxd7+ $146 ({Predecessor:} 11. Bb3 O-O 12. f4 Ng4 13. Bc1 Nc6 14. Nxc6 bxc6 15. h3 Nh6 16. f5 gxf5 17. Bxh6 Bxh6 18. exf5 {0-1 (48) Aguilar,P (1930)-Nunez Cerda,A (1792) Antofagasta 2015}) 11... Qxd7 12. b3 O-O {The position is equal.} 13. Rc1 f5 {Black wants to play ...f4.} 14. f3 Rae8 15. exf5 gxf5 ({Better is} 15... Nxf5 $11 16. Nxf5 Qxf5) 16. Qd2 $14 c6 17. Nde2 b5 18. cxb5 axb5 19. Rfd1 N7g6 20. Bf2 Nf7 (20... b4 $11 21. Na4 Qb7) 21. Rc2 Bh6 22. Qd4 Re5 23. f4 Re7 24. Rcd2 (24. h4 $16) 24... Rfe8 25. a3 (25. a4 $14) 25... d5 26. Qb4 Nd6 {Strongly threatening ...Ne4.} 27. Ng3 $2 {[#] White does not recover from this.} (27. Bc5 $11 Re6 28. g3) 27... Nxf4 $19 ({Much less strong is} 27... Bxf4 28. Nh5 $17) 28. Bc5 $2 (28. Kh1) 28... Re1+ 29. Rxe1 Rxe1+ 30. Kf2 Qe6 {[#] Hoping for ...Nh3+!} 31. Qd4 Rc1 {White must now prevent ...Qe1+.} 32. Nce2 (32. Rd1 $142 Rc2+ 33. Kf1) 32... Nxe2 33. Rxe2 Ne4+ 34. Nxe4 fxe4 35. g3 Qf5+ {Accuracy: White = 45%, Black = 82%.} 0-1

[Event "56th Rubinstein Memorial A 2020"]
[Site "Polanica Zdroj"]
[Date "2020.08.17"]
[Round "3.6"]
[White "Butkiewicz, Lukasz"]
[Black "Kasperek, Ryszard"]
[Result "1-0"]
[WhiteElo "2400"]
[BlackElo "2202"]
[Annotator "TA"]
[PlyCount "49"]
[EventDate "2020.08.15"]
[EventType "swiss"]
[EventCountry "POL"]
[SourceTitle "playchess.com"]
[Source "ChessBase"]
[SourceQuality "1"]

{[%evp 16,49,40,32,34,33,26,32,50,53,56,45,78,12,32,0,152,40,66,41,124,116,197,180,327,206,204,235,209,229,288,297,537,524,513,519]} 1. d4 d6 2. e4 Nf6 3. Nc3 e5 4. Nf3 Nbd7 5. Bc4 Be7 6. a4 O-O 7. O-O c6 8. h3 b6 {[%cal Bb7b6,Bb6b5,Bb5b4][%mdl 32]} 9. Qe2 $1 {The main line 9.Qe2 scores better than 9.Re1.} Bb7 {C41: Philidor Defence.} 10. Rd1 Qc7 11. Ba2 a6 {White is slightly better.} 12. Nh4 b5 13. Nf5 Rfe8 $1 14. dxe5 (14. axb5 $16 {Black must now prevent Qc4!} axb5 15. d5) 14... Nxe5 $11 15. Bg5 {[#]} Ned7 $146 {[#]} ({Better is} 15... b4 $11 16. f4 d5) ({Predecessor:} 15... b4 16. Nb1 Rad8 17. Nd2 h6 18. Bxh6 gxh6 19. f4 Bf8 20. fxe5 Rxe5 21. Qf3 d5 {1-0 (45) Lintchevski,D (2440)-Mihajlovskij,S (2466) St Petersburg 2008}) 16. Qf3 ({Don't take} 16. axb5 $6 axb5 17. Qd3 Bf8 $14) (16. Qd3 $16) 16... b4 $1 $14 {[%cal Rb4c3]} 17. Ne2 {[%cal Bc3e2,Be2g3,Bg3f5][%mdl 32] aiming for Bf4.} Ne5 (17... Bf8 $1 $14) 18. Qe3 $36 {[%mdl 2048] Bxf6 is the strong threat. White has strong initiative.} Rad8 (18... d5 $16 {was called for.}) 19. Neg3 $18 d5 (19... Bc8 $142 20. f4 Bxf5) 20. f4 Ng6 21. Nxe7+ Qxe7 22. e5 h6 23. Nf5 Qe6 $2 (23... Qf8) 24. Nxg7 $1 {[%mdl 64] [#] Remove Defender} Kxg7 25. Bxf6+ {Accuracy: White = 64%, Black = 42%.} 1-0